000 00367nam a2200121Ia 4500
008 220217s9999||||xx |||||||||||||| ||und||
082 _a621.381 5 LAL
100 _aLal, Kishore K.
_97612
245 0 _aOperational amplifiers and linear integrated circuits
260 _aPearson education
_bNew Delhi
_c2008
300 _aXI,424p.;28cm
_b325
650 _aCIRCUITRY
999 _c181311
_d181311